| 000 | 01894cam a2200349 i 4500 | ||
|---|---|---|---|
| 001 | 14788659 | ||
| 003 | EG-ScBUE | ||
| 005 | 20240424150449.0 | ||
| 008 | 070329s2008 enk f b 001 0 eng d | ||
| 020 | _a9780415440172(pbk.) | ||
| 040 |
_aDLC _beng _erda _cDLC _dDLC _dEG-ScBUE |
||
| 043 | _aaw----- | ||
| 082 | 0 | 4 |
_a956.04 _222 _bMIL |
| 100 | 1 |
_aMilton-Edwards, Beverley, _eauthor. |
|
| 245 | 1 | 0 |
_aConflicts in the Middle East since 1945 / _cBeverley Milton-Edwards and Peter Hinchcliffe. |
| 250 | _aThird edition. | ||
| 264 | 1 |
_aAbingdon, Oxon ; _aNew York : _bRoutledge, _c2008. |
|
| 300 |
_axvii, 158 pages : _c18 cm |
||
| 336 |
_2rdacontent _atext _btxt |
||
| 337 |
_aunmediated _2rdamedia _bn |
||
| 338 |
_avolume _bnc _2rdacarrier |
||
| 490 | 0 | _aMaking of the contemporary world | |
| 504 | _aIncludes bibliographical references and index. | ||
| 505 | 0 | _aList of maps -- Preface -- Acknowledgements -- Chronology -- Introduction -- The Arab-Israeli conflict : ways of war -- The Palestinian-Israeli conflict : hostages to history -- Superpower conflict in the Middle East : war by proxy -- Generation jihad : conflict in the name of Islam? -- Sectarian conflict : Lebanon, state without a nation -- Ethnic conflict : the forgotten Kurds -- War in the Gulf : Iran and Iraq 1980-1989 -- The Kuwait crisis : brother versus brother -- The politics of conflict and failure of peacemaking -- No end to the storm : 9/11 and the war in Iraq -- Glossary -- Notes -- Bibliography -- Index. | |
| 650 | 7 |
_aMediation, International. _2BUEsh |
|
| 651 | 7 |
_aMiddle East _xPolitics and government _y1945- _2BUEsh |
|
| 655 | _vReading book | ||
| 700 | 1 |
_aHinchcliffe, Peter, _eauthor. |
|
| 856 | 4 | 1 |
_3Table of contents only _uhttp://www.loc.gov/catdir/toc/ecip0714/2007013317.html |
| 942 |
_2ddc _cBB |
||
| 999 |
_c10858 _d10858 |
||